000 00628nam a2200241 i 4500
001 C2-0292764
003 PPAK
005 20180728024740.0
008 090108s2006 nyu |||| ||||| | eng d
020 _a9780345471000
040 _aPPAK
_beng
_cPPAK
_erda
082 0 4 _a823
_223
090 0 0 _a823
_bPIC
_dLCK
100 1 _aPickard, Nancy,
_eauthor
245 1 0 _aVirgin of small plains
264 1 _aNew York :
_bBallantine Books ,
_c2006
300 _a351 pages ;
_c20 cm
336 _2rdacontent
_atext
337 _2rdamedia
_aunmediated
338 _2rdacarrier
_avolume
650 1 0 _aEnglish fiction
942 _ddc
_cB
999 _c97603
_d97603